00331cam a22000977a 4500008004000000082001600040245009800056260003700154300001100191700003100202180718b1962 xxu||||| |||| 00| 0 eng d aK657x54 In2 aStanding guard file on advances to central government servantscby Ministry of Finance, India aDelhibMinistry of Financec1962 a129+p. aIndia. Ministry of Finance